000 01406nam a22003857a 4500
003 CHAP
005 20220329143146.0
008 060907d2003 us r 00110 eng d
010 _a92673
011 _a93645
035 _a104225
040 _cCHAP
082 0 4 _a634.9721
_bS8
100 1 _aStein, John.
_9109598
245 1 0 _aField guide to native oak species of Eastern North America
_c/by J. Stein, D. Binion and R. Acciavatti
260 _aWashington, D. C. :
_bDepartment of Agriculture,
_c2003.
300 _a161 p. :
_bilus.
590 _aBATCH-UPD
_b10
_c20130110
_lUCH01
_h0521
590 _aBATCH-UPD
_b10
_c20130110
_lUCH01
_h2353
590 _aBATCH-UPD
_b10
_c20130410
_lUCH01
_h0200
590 _aBATCH-UPD
_b10
_c20130914
_lUCH01
_h0627
590 _aCONVERSION
_b10
_c20130109
_lUCH01
_h1351
650 1 4 _aÁrboles
_xIdentificación.
_982437
650 1 4 _aHojas
_xIdentificación.
_955862
650 1 4 _aQuercus.
_993173
700 1 _aAcciavatti, Robert.
_9414
700 1 _aBinion, Denise.
_912706
901 _aBK
905 _aLilia
942 _cLIBRO
949 _a634.9721 S8
_bBC
_cLIBRO
_d33724000993655
_eLIBRO
_fc.3
_h108190
_i104225
_sb
949 _a634.9721 S8
_bBC
_cLIBRO
_d33724000993770
_eLIBRO
_h108188
_i104225
_so
949 _a634.9721 S8
_bBC
_cLIBRO
_d33724000994307
_eLIBRO
_fc.4
_h108191
_i104225
_sb
949 _a634.9721 S8
_bBC
_cLIBRO
_d33724002329017
_eLIBRO
_fc.2
_h108189
_i104225
_si
999 _c92673
_d92673